Μαθηματικά χρηματοδότησης & στοιχεία ασφαλιστικών μαθηματικών

Αποθηκεύτηκε σε:
Λεπτομέρειες βιβλιογραφικής εγγραφής
Κύριοι συγγραφείς: Ευθύμογλου, Πρόδρομος Γ., Ελευθεριάδης, Ιορδάνης Μ. (Συγγραφέας)
Μορφή: Βιβλίο
Γλώσσα:Greek
Δημοσίευση: Λευκωσία : Broken Hill, c2018.
Έκδοση:4η έκδ.
Θέματα:
Ετικέτες: Προσθήκη ετικέτας
Δεν υπάρχουν, Καταχωρήστε ετικέτα πρώτοι!

MARC

LEADER 00000nam a2200000 a 4500
001 1/118049
008 190212t2018####cy | ||| |||| ||gre||
020 |a 9789963274833 
040 |a GR-MyUa  |b gre  |c GR-MyUa  |e AACR2 
041 0 |a gre 
082 7 |a 330.0151   |2 (23) 
100 1 |a Ευθύμογλου, Πρόδρομος Γ. 
245 1 0 |a Μαθηματικά χρηματοδότησης & στοιχεία ασφαλιστικών μαθηματικών /   |c Πρόδρομος Γ. Ευθύμογλου, Ιορδάνης Μ. Ελευθεριάδης.  
246 1 |i Παραλλαγή τίτλου :   |a Μαθηματικά χρηματοδότησης και στοιχεία ασφαλιστικών μαθηματικών  
250 |a 4η έκδ.  
260 |a Λευκωσία :   |b Broken Hill,   |c c2018.  
300 |a 322 σ. :   |b εικ., πιν. ;   |c 24 εκ.  
504 |a Βιβλιογραφία : σ. 321-322.  
650 0 |a Economics, Mathematical. 
650 0 |a Insurance  |x Mathematics. 
650 0 |a Business mathematics. 
700 1 |a Ελευθεριάδης, Ιορδάνης Μ.  |e aut 
852 |a INST  |b SAMOS  |c EUDOXUS  |e 20190212  |h 330.0151 ΕΥΘ  |p 005300045826  |q 005300045826  |t EDX  |y 0 
852 |a INST  |b SAMOS  |c EUDOXUS  |e 20190212  |h 330.0151 ΕΥΘ  |p 005300045827  |q 005300045827  |t EDX  |y 0 
852 |a INST  |b SAMOS  |c EUDOXUS  |e 20190527  |h 330.0151 ΕΥΘ  |p 005300045990  |q 005300045990  |t EDX  |y 0 
852 |a INST  |b SAMOS  |c EUDOXUS  |e 20190527  |h 330.0151 ΕΥΘ  |p 005300045991  |q 005300045991  |t EDX  |y 23 
920 |a Εύδοξος  |b Παραγγελία   |y Σάμος-ΤΣΑΧΜ  |z 2019-02 
920 |a Εύδοξος  |b Παραγγελία  |y Σάμος-ΤΣΑΧΜ  |z 2019-05 
970 |a Κοσιέρης  |b Χρήστος  |z 12-02-2019